فكر ابن خلدون (Record no. 12366)
[ view plain ]
| 000 -الفاتح | |
|---|---|
| حقل البيانات ثابتة الطول | 01004nam a22002057a 4500 |
| 008 - عناصر البيانات ثابتة الطول - معلومات عامة | |
| حقل البيانات ثابتة الطول | 090719t xxu||||| |||| 00| 0 ara d |
| 020 ## - الرقم الدولى المعيارى للكتب | |
| الرقم الدولى المعيارى للكتاب | 9789953821139 |
| 082 ## - رقم تصنيف ديوى العشرى | |
| رقم الطبعة | 21 |
| رقم التصنيف | 320.11 |
| رقم المادة | ج أ ب |
| 100 1# - المدخل الرئيسى - إسم شخصى | |
| 9 (RLIN) | 8056 |
| الإسم الشخصى | الجابرى ، محمد عابد |
| 245 10 - بيان العنوان | |
| العنوان | فكر ابن خلدون |
| بقية العنوان | العصبية والعولمة: معالم نظرية خلدونية فى التاريخ الاسلامى |
| بيان المسئوليه,etc | محمد عابد الجابرى |
| 250 ## - بيان الطبعة | |
| بيان الطبعة | ط 8. |
| 260 ## - PUBLICATION, DISTRIBUTION, ETC. (IMPRINT) | |
| مكان الناشر او الموزع | بيروت: |
| اسم الناشر او الموزع | مركز دراسات الوحدة العربية، |
| تاريخ النشر أو التوزيع | 2007 |
| 300 ## - الوصف المادى | |
| التعداد | 319 ص ، |
| أبعاد الوعاء | 24 سم |
| 500 ## - تبصرة عامة | |
| تبصرة عامة | يشتمل على كشافات |
| 504 ## - تبصرة ببليوجرافية | |
| تبصرة ببليوجرافية,الخ | يشتمل على ارجاعات ببليوجرافية (ص307-313 |
| 650 ## - المدخل الاضافى بالموضوع-مصطلح موضوعى | |
| 9 (RLIN) | 8062 |
| مصطلح موضوعي أو اسم جغرافي كعنصر مدخل | ابن خلدون |
| 650 ## - المدخل الاضافى بالموضوع-مصطلح موضوعى | |
| 9 (RLIN) | 8063 |
| مصطلح موضوعي أو اسم جغرافي كعنصر مدخل | علم الاجتماع السياسى |
| 942 ## - عناصر المدخل الإضافي( كوها) | |
| مصدر التصنيف او مخطط الترفيف | Dewey Decimal Classification |
| Koha [default] item type | Book - Borrowing |
| حالة التراجع | حالة الفقد | مصدر التصنيف او خطة الترفيف | حالة تلف | ليس للاعارة | مجموعات كوها | المكان الدائم | المكان الحالي | موقع الترفيف | تاريخ الاكتساب | Source of acquisition | سعر الشراء الطبيعي | تعداد مسلسل / التسلسل الزمني | رقم الاستدعاء | الباركود | Date last seen | مُعار | نوع الوعاء |
|---|---|---|---|---|---|---|---|---|---|---|---|---|---|---|---|---|---|
| Dewey Decimal Classification | M. Arabic Studies | Central Library | Central Library | First floor | 19/07/2009 | 60.00 | 7013 | 320.11 الج | 000017530 | 15/07/2025 | 10/10/2016 | Book - Borrowing |